banner-ar

المتحف القبطى وكنائس القاهرة القديمة / (Record no. 47894)

MARC details
000 -الفاتح
حقل البيانات ثابتة الطول 00693nam a2200229Ia 4500
008 - عناصر البيانات ثابتة الطول - معلومات عامة
حقل البيانات ثابتة الطول 140319s9999 xx 000 0 ara d
040 ## - مصدر الفهرسة
وكالة الفهرسة الأصلية GCL /
وكالة النسخ GCL
082 04 - رقم تصنيف ديوى العشرى
رقم التصنيف ق
رقم المادة 069.0962
-- ج م
100 1# - المدخل الرئيسى - إسم شخصى
الإسم الشخصى وجدى رزق غالى
245 10 - بيان العنوان
العنوان المتحف القبطى وكنائس القاهرة القديمة /
بيان المسئوليه,etc وجدى رزق غالى
700 1# - المدخل الاضافى - اسم شخصى
الإسم الشخصى جودت جبرة
700 1# - المدخل الاضافى - اسم شخصى
الإسم الشخصى الكوك , لانتونى
700 1# - المدخل الاضافى - اسم شخصى
الإسم الشخصى هدى خزام
300 ## - الوصف المادى
التعداد 144 ص
490 ## - بيان السلسلة
عنوان السلسلة
650 04 - المدخل الاضافى بالموضوع-مصطلح موضوعى
مصطلح موضوعي المتحف القبطى
650 04 - المدخل الاضافى بالموضوع-مصطلح موضوعى
مصطلح موضوعي الفن القبطى
650 04 - المدخل الاضافى بالموضوع-مصطلح موضوعى
مصطلح موضوعي الكنائس المسيحية
650 04 - المدخل الاضافى بالموضوع-مصطلح موضوعى
مصطلح موضوعي القاهرة - الكنائس
942 ## - عناصر المدخل الإضافي( كوها)
مصدر التصنيف او مخطط الترفيف Dewey Decimal Classification
Koha [default] item type كتاب
Holdings
حالة التراجع حالة الفقد حالة تلف ليس للاعارة المكان المؤقت الموقع الحالى تاريخ الاكتساب اجمالي اﻻعارات رقم الطلب الباركود تاريخ اخر مشاهدة تاريخ تفعيل السعر نوع وعاء كوها
        مكتبة القاهرة الكبرى مكتبة القاهرة الكبرى 03/26/2014   ق\069.0962\ج م 115510 03/26/2014 03/26/2014 كتاب
        مكتبة القاهرة الكبرى مكتبة القاهرة الكبرى 03/26/2014   ق\069.0962\ج م 115511 03/26/2014 03/26/2014 كتاب
        مكتبة القاهرة الكبرى مكتبة القاهرة الكبرى 03/26/2014   ق\069.0962\ج م 115512 03/26/2014 03/26/2014 كتاب

Powered By

EGPV